Las claves del (Registro nro. 13782)

Detalles MARC
000 -CABECERA
Longitud fija campo de control 02337nam a2200193 a 4500
003 - • IDENTIFICADOR DELl NÚMERO DE CONTROL
Identificador del número de control CO-ViMGA
008 - • CÓDIGOS DE INFORMACIÓN DE LONGITUD FIJA
Códigos de información de longitud fija 141112s2004 ck r 000 u spa d
040 ## - FUENTE DE LA CATALOGACIÓN
Centro catalogador de origen CO-ViMGA
Lengua de catalogación spa
Centro transcriptor CO-ViMGA
082 04 - • NÚMERO DE LA CLASIFICACIÓN DECIMAL DEWEY
Número de clasificación (R) R909 C518
245 10 - • TITULO PROPIAMENTE DICHO
Título Las claves del
Resto del título Imperio Bizantino 395-1453
300 ## - • DESCRIPCIÓN FÍSICA
Extensión 26 v : il
500 ## - • NOTA GENERAL
Nota general Solicitar el ejemplar de la tabla de contenido.
505 ## - • NOTA DE CONTENIDO CON FORMATO
Nota de contenido con formato VOL.(1), Prehistoria/Teresa Chapa VOL.(2), Imperios del próximo oriente 3500 - 500 a.c/Jaime Alvar VOL.(3), Antiguo Egipto 3000 - 300 a.c/Francisco Pesedo VOL.(4), Mundo griego 2700 - 323 a.c/Domingo Plácido Suarez VOL.(5), Imperio Romano 754 a.c - 476/Marc Mayer VOL.(6), América precolombina 3000a.c - 1492/Jose Alcina Franch VOL.(7), Pueblos Germánicos 500 a.c - 711/Luis García Moreno VOL.(8), Imperio bizantino 395 - 1453/Salvador Clara Munt VOL.(9), Periodo Carolingio 723 - 879/Jose María Mínguez VOL.(10), Mundo Islámico 622 - 1945/Emilio de Santiago Simón VOL.(11), Feudalismo 860 - 1500/Paulino Iradiel VOL.(12), Iglesia en la edad media 313 - 1492/Emilio Mitve Fernández VOL.(13), Crisis en la baja edad media 1300 - 1450/Estevan Sorasa Sanchez VOL.(14), Europa renacentista 1453 - 1556/M. de los Ángeles Samper VOL.(15), Colonización Española en el nuevo mundo 1492 - 1824/Luis Navarro García VOL.(16), Reforma y la contrareforma 1517 - 1648/Teófanes Egidio VOL.(17), Hegemonia Española 1556 - 160/Enric Riera Fortiana VOL.(18), Crisis del siglo XVII 1600 - 1680/Jaume Danti Riu VOL.(19), Absolutismo y el Parlamentarismo 1603 - 1715/Xavier Gil Pujol VOL.(20), Despotismo ilustrado 1715 - 1789/Antonio Dominguez Ortiz VOL.(21), Revolución industrial 1733 - 1914/Siro Villas Tinoco VOL.(22), Ciclo revolucionario 1770 - 1815/Juan Jacob Calvo VOL.(23), Restauración y el liberalismo 1815 - 1848/M. Teresa Martinez de Sas VOL.(24), Nacionalismo y el Imperialismo 1848 - 1914/Pelai Pages Blanch VOL.(25), Movimiento obrero 1830 - 1930/Jose Sanchez Jimenez VOL.(26), Siglo XX hasta 1945/E. Hernández Sandoica
590 ## - NOTAS LOCALES
Nota local Datos de inventario : 05513, 05514, 05515, 05516, 05517, 05518, 05519, 05520, 05521, 05522, 05523, 05524, 05525, 05526, 05527, 05528, 05529, 05530, 05531, 05532, 05533, 05534, 05535, 05536, 05537
650 14 - • PUNTO DE ACCESO ADICIONAL DE MATERIA - TÉRMINO DE MATERIA
Término de materia o nombre geográfico como elemento inicial HISTORIA UNIVERSAL
942 ## - ENTRADA DE ELEMENTOS AGREGADOS (KOHA)
Fuente de clasificaión o esquema Dewey Decimal Classification
Koha [por defecto] tipo de item LIbro
Existencias
Perdido Fuente de clasificación o esquema Estado Físico No para préstamo Forma de adquisición Localización permanente Localización actual Fecha adquisición Serie de enumeración / cronolog&íacute;a Préstamos totales Renovaciones totales Signatura completa Código de barras Fecha última consulta Fecha último préstamo Número de copia Fecha del precio de reemplazo Tipo de item de Koha
  Dewey Decimal Classification     Sala General Segundo Piso Biblioteca Pública Germán Arciniegas - Villavicencio Biblioteca Pública Germán Arciniegas - Villavicencio 12/04/2015 Volumen. 1 | 11/jun/2009 1 3 R909 C518 05520 07/01/2021 05/31/2021 Ej. 1 12/04/2015 LIbro









Instituto Departamental de Cultura del Meta - Red Departamental de Bibliotecas Públicas del Meta.